[Event "Kemerovo Kuzbass-ch"]
[Site "Kemerovo"]
[Date "2012.11.27"]
[Round "6"]
[White "Feofanov, Andrei"]
[Black "Kovalev, Alexander"]
[Result "1-0"]
[WhiteElo "1978"]
[BlackElo "2153"]
[PlyCount "89"]
[EventDate "2012.11.23"]
[EventType "swiss"]
[EventRounds "9"]
[EventCountry "RUS"]
[SourceTitle "CBM 151 Extra"]
[Source "ChessBase"]
[SourceDate "2012.12.18"]
[SourceVersion "1"]
[SourceVersionDate "2012.12.18"]
[SourceQuality "1"]

1. Nf3 d6 2. d4 g6 3. e4 Bg7 4. Bc4 Nf6 5. Nc3 0-0 6. 0-0 Nc6 7. a4 Bg4 8. Be3 e5 9. d5 Ne7 10. Be2 h6 11. Nd2 Bxe2 12. Qxe2 Nh5 13. g3 Qd7 14. a5 a6 15. b4 Qh3 16. f3 Qd7 17. b5 f5 18. bxa6 bxa6 19. Kg2 f4 20. Bf2 fxg3 21. hxg3 g5 22. Be3 Nf4+ 23. gxf4 exf4 24. Ra3 fxe3 25. Qxe3 Ng6 26. Ne2 Nf4+ 27. Nxf4 Rxf4 28. Rg1 Raf8 29. Kf2 Qb5 30. Ke1 Qb4 31. Qb3 Qd4 32. Rg2 Rh4 33. Ke2 Rh1 34. c3 Qe5 35. Qc4 Rb8 36. Qxa6 h5 37. Qa7 Rb2 38. Qe3 g4 39. a6 Rh2 40. Rxh2 Qxh2+ 41. Kd3 g3 42. a7 g2 43. a8Q+ Kh7 44. Ra1 Bh6 45. Qh8+ 1-0

[Event "Novokuznetsk op"]
[Site "Novokuznetsk"]
[Date "2008.08.13"]
[Round "2"]
[White "Kovalev, Alexander"]
[Black "Siuniakov, Igor"]
[Result "1-0"]
[WhiteElo "2141"]
[BlackElo "2281"]
[PlyCount "101"]
[EventDate "2008.08.12"]
[EventType "swiss"]
[EventRounds "9"]
[EventCountry "RUS"]
[SourceTitle "EXT 2022"]
[Source "ChessBase"]
[SourceDate "2021.10.06"]
[SourceVersion "1"]
[SourceVersionDate "2021.10.06"]
[SourceQuality "1"]

1. d4 Nf6 2. c4 g6 3. Nc3 Bg7 4. e4 0-0 5. Nf3 d6 6. Be2 e5 7. 0-0 exd4 8. Nxd4 Re8 9. f3 c6 10. Kh1 d5 11. exd5 cxd5 12. Bg5 Nc6 13. Nxc6 bxc6 14. cxd5 cxd5 15. Bb5 Re5 16. f4 Rf5 17. Bd3 Rxg5 18. fxg5 Ng4 19. Qd2 Qc7 20. g3 Bb7 21. Qf4 d4+ 22. Ne4 Qd7 23. Kg1 Be5 24. Qxe5 Nxe5 25. Nf6+ Kg7 26. Nxd7 Nxd7 27. Rae1 Bd5 28. Be4 Nb6 29. Bxd5 Nxd5 30. Re4 Ne3 31. Rf2 Rc8 32. Rd2 Rc1+ 33. Kf2 Rh1 34. Rexd4 Nf5 35. Kg2 Ra1 36. Ra4 a5 37. Re2 Rd1 38. Rxa5 h6 39. Rxf5 gxf5 40. gxh6+ Kxh6 41. a4 Kg5 42. h4+ Kg6 43. Rf2 Ra1 44. Rf4 Ra2 45. Rb4 Ra1 46. b3 Rb1 47. a5 Ra1 48. Ra4 Rb1 49. a6 Rb2+ 50. Kh3 f4 51. a7 1-0

[Event "Novokuznetsk op"]
[Site "Novokuznetsk"]
[Date "2008.08.12"]
[Round "1"]
[White "Khaleto, Svetlana"]
[Black "Kovalev, Alexander"]
[Result "0-1"]
[WhiteElo "1706"]
[BlackElo "2141"]
[PlyCount "78"]
[EventDate "2008.08.12"]
[EventType "swiss"]
[EventRounds "9"]
[EventCountry "RUS"]
[SourceTitle "EXT 2022"]
[Source "ChessBase"]
[SourceDate "2021.10.06"]
[SourceVersion "1"]
[SourceVersionDate "2021.10.06"]
[SourceQuality "1"]

1. e4 c5 2. Nf3 Nc6 3. d4 cxd4 4. Nxd4 Nf6 5. Nc3 e5 6. Nb3 Bb4 7. f3 d5 8. exd5 Nxd5 9. Bd2 Nxc3 10. bxc3 Ba3 11. Bc4 Qh4+ 12. g3 Qxc4 13. Rb1 0-0 14. Kf2 Bh3 15. Re1 f5 16. Qe2 Bc5+ 17. Nxc5 Qxc5+ 18. Qe3 Qxe3+ 19. Bxe3 b6 20. Rbd1 Rad8 21. a4 Rxd1 22. Rxd1 Rd8 23. Rxd8+ Nxd8 24. Bg5 Ne6 25. Be7 Kf7 26. Bd6 Nc5 27. a5 Ke6 28. Bf8 g6 29. axb6 axb6 30. Bxc5 bxc5 31. c4 e4 32. f4 h6 33. c3 g5 34. Ke3 Kf6 35. Kf2 Kg6 36. Ke3 Kh5 37. Kf2 Kg4 38. fxg5 hxg5 39. Ke3 Bf1 0-1

[Event "Novokuznetsk Goriainov Memorial op"]
[Site "Novokuznetsk"]
[Date "2007.08.14"]
[Round "9"]
[White "Kovalev, Alexander"]
[Black "Cheremnova, Tamara"]
[Result "0-1"]
[WhiteElo "2139"]
[BlackElo "2160"]
[PlyCount "110"]
[EventDate "2007.08.14"]
[EventType "swiss"]
[EventRounds "9"]
[EventCountry "RUS"]
[SourceTitle "EXT 2009"]
[Source "ChessBase"]
[SourceDate "2008.11.26"]
[SourceVersion "1"]
[SourceVersionDate "2008.11.26"]
[SourceQuality "1"]

1. d4 Nf6 2. Nf3 g6 3. c4 Bg7 4. Nc3 0-0 5. e4 d6 6. Be2 e5 7. d5 a5 8. 0-0 Na6 9. Qc2 Nc5 10. Ne1 Ne8 11. Nd3 f5 12. Nxc5 dxc5 13. exf5 gxf5 14. Be3 b6 15. f3 Nd6 16. Bd3 Bd7 17. Rae1 Qf6 18. a4 Kh8 19. Nb5 Bxb5 20. axb5 Rae8 21. Bd2 e4 22. fxe4 Qd4+ 23. Be3 Qxb2 24. Qxb2 Bxb2 25. exf5 Rxe3 26. Rxe3 Bd4 27. Rff3 a4 28. Kf1 Bxe3 29. Rxe3 a3 30. Re2 Ra8 31. Ra2 Kg7 32. g4 Kf6 33. Kf2 Ke5 34. Ke3 h6 35. Be2 Ra4 36. h3 h5 37. Kd3 hxg4 38. hxg4 Nxc4 39. Kc3 Ne3 40. Bf3 Nxg4 41. Bd1 Rd4 42. Bb3 Kxf5 43. Rxa3 Ke5 44. Ra8 Nf6 45. Rc8 Kd6 46. Rh8 Nxd5+ 47. Bxd5 Rxd5 48. Rh4 Rd1 49. Rh6+ Kd7 50. Rh2 Rb1 51. Kc4 Rb4+ 52. Kd5 Rd4+ 53. Ke5 Ke8 54. Rb2 Kd7 55. Rb1 c6 0-1